[Event "Hastings Masters 2011-12"]
[Site "Hastings ENG"]
[Date "2012.01.02"]
[Round "6.20"]
[White "Kjartansson,G"]
[Black "Gregory,S"]
[Result "1-0"]
[WhiteElo "2326"]
[BlackElo "2124"]

1.d4 Nf6 2.c4 Nc6 3.Nf3 d6 4.Nc3 e5 5.g3 exd4 6.Nxd4 Be7 7.Bg2 Bd7 8.O-O O-O
9.Nc2 Re8 10.e4 Rb8 11.b3 a6 12.a4 Bf8 13.Bb2 Na5 14.Ne3 b6 15.f4 Nb7 16.Qc2 a5
17.Ncd1 Ng4 18.Nd5 c6 19.N5c3 Nc5 20.h3 Nh6 21.Ne3 b5 22.cxb5 cxb5 23.g4 f6
24.Nxb5 Bxb5 25.axb5 Nf7 26.Qc4 Qd7 27.Rxa5 Rec8 28.e5 dxe5 29.Rd1 Qc7 30.Ra2 Kh8
31.Bc6 exf4 32.Nd5 Qd8 33.Qxf4 Bd6 34.Qf1 Ne4 35.Ra4 Nfg5 36.h4 Ng3 37.Qg2 Ne6
38.b4 Bc7 39.Raa1 h5 40.Nxf6 Nf4 41.Rxd8+ Rxd8 42.Qc2 Bb6+ 43.Kh2 Rd3 44.Qxd3 Nxd3
45.Kxg3 Nxb2 46.Nd7 Bc7+ 47.Kg2 Rc8 48.Bb7 Rd8 49.b6 Rxd7 50.bxc7 Rxc7 51.Ra8+ Kh7
52.Be4+ g6 53.gxh5 Nc4 54.hxg6+ Kg7 55.Kg3 Nd6 56.Bf3 Rc4 57.Rg8+ Kf6 58.h5 Rxb4
59.Kf2 Nf5 60.Rf8+ Kg5 61.Rf7 Rb2+ 62.Be2 Rb8 63.Rd7 Kh6 64.Rh7+ Kg5 65.Bf3 Rb2+
66.Ke1 Rb3 67.g7 Ne7 68.Bd1 Rb8 69.Rh8 Ng8 70.h6 Kf6 71.Bb3 Kg6 72.Bxg8  1-0

[Event "TCh-NED Meesterklasse 2011-12"]
[Site "Netherlands NED"]
[Date "2012.01.07"]
[Round "5.8"]
[White "Van Ketel,R"]
[Black "Tjiam,D"]
[Result "0-1"]
[WhiteElo "2286"]
[BlackElo "2382"]

1.d4 Nf6 2.c4 Nc6 3.Nf3 e6 4.Nc3 d6 5.g3 g6 6.Bg2 Bg7 7.O-O O-O 8.b3 a6 9.Bb2 Rb8
10.Rc1 Na5 11.Qc2 Qe7 12.Rfd1 Bd7 13.e4 Rfc8 14.Ne2 b5 15.e5 Ne8 16.Qd2 Nc6
17.Ne1 bxc4 18.Rxc4 Nd8 19.Rdc1 d5 20.R4c2 Nb7 21.Nd3 Bf8 22.Nc5 Nxc5 23.Rxc5 Qd8
24.R5c2 Bb4 25.Qe3 a5 26.Nf4 a4 27.Nd3 axb3 28.axb3 Be7 29.Nc5 Rb6 30.Bf3 Bg5
31.Qc3 Rcb8 32.Rb1 Be7 33.Ba3 Bb5 34.Bd1 Ng7 35.g4 Bf8 36.Qg3 Rc6 37.h3 Ra8
38.Bb4 Rb6 39.Bd2 Bc4 40.Rc3 Ra2 41.Bf4 Be7 42.Rc2 Ra3 43.Rcb2 Bb5 44.Qc3 Ne8
45.Kh2 Qa8 46.Be3 Rb8 47.Qd2 Qa7 48.f4 c6 49.Bc2 Ra8 50.Rg1 Qa5 51.b4 Qc7
52.Bb1 Bc4 53.f5 Bxc5 54.bxc5 Rb8 55.Rxb8 Qxb8 56.fxe6 fxe6 57.Bh6 Qb3 58.Qg2 Nc7
59.Re1 Qf3 60.Qxf3 Rxf3 61.Kg2 Rb3 62.Rd1 Rb2+ 63.Kg3 Nb5 64.Rc1 Nxd4 65.Re1 Kf7
66.h4 Ne2+ 67.Kh3 Rb3+ 68.Kh2 Nc3 69.Re3 Nxb1  0-1

[Event "Gibraltar Open"]
[Site "Caleta ENG"]
[Date "2012.01.24"]
[Round "1.14"]
[White "Alvarez Marquez,J"]
[Black "Bologan,V"]
[Result "0-1"]
[WhiteElo "2398"]
[BlackElo "2680"]

1.d4 Nf6 2.c4 Nc6 3.Nf3 e6 4.a3 g6 5.Nc3 Bg7 6.d5 Ne7 7.e4 O-O 8.Bd3 d6 9.h3 Nd7
10.Bg5 Nc5 11.Bc2 a5 12.O-O Bd7 13.Re1 a4 14.e5 Ra6 15.exd6 cxd6 16.dxe6 fxe6
17.Nd5 Rf7 18.Nxe7+ Rxe7 19.Nd4 Qf8 20.Bxe7 Qxe7 21.Rb1 Qf6 22.Nb5 Qf4 23.g3 Qf8
24.Nc3 Bxc3 25.bxc3 Bc6 26.Re3 e5 27.h4 Ra8 28.Qg4 Re8 29.f4 e4 30.Rd1 Re6
31.Qg5 Kg7 32.Rd2 Rf6 33.Rf2 h5 34.g4 Ne6 35.Qa5 Rxf4  0-1

[Event "Gibraltar Open"]
[Site "Caleta ENG"]
[Date "2012.01.26"]
[Round "3.17"]
[White "Erdos,V"]
[Black "Khurtsidze,N"]
[Result "1/2-1/2"]
[WhiteElo "2634"]
[BlackElo "2444"]

1.d4 Nf6 2.c4 Nc6 3.Nf3 e6 4.Nc3 Bb4 5.Qc2 O-O 6.Bg5 d6 7.e3 h6 8.Bh4 e5
9.d5 Nb8 10.Nd2 c6 11.Be2 g5 12.Bg3 cxd5 13.Nxd5 Nxd5 14.cxd5 Qf6 15.O-O Bf5
16.Ne4 Qg6 17.Qb3 Na6 18.Bxa6 bxa6 19.Qxb4 Bxe4 20.f3 Bd3 21.Rfc1 f5 22.Rc6 Rf6
23.Rac1 Raf8 24.f4 Be4 25.fxe5 dxe5 26.Bxe5 Rxc6 27.dxc6 Qe6 28.c7 Rc8 29.Rd1 Qxe5
30.Rd8+ Kh7 31.Rxc8 Bb7 32.Qxb7 Qxe3+ 33.Kf1 Qd3+ 34.Ke1 Qe3+ 35.Kd1 Qd3+
36.Kc1 Qc4+ 37.Kd2 Qd4+ 38.Ke2 Qc4+ 39.Ke1 Qc1+ 40.Ke2 Qc4+ 41.Ke3 f4+ 42.Kd2 Qd4+
43.Ke2 Qe3+  1/2-1/2

[Event "Gibraltar Open"]
[Site "Caleta ENG"]
[Date "2012.01.26"]
[Round "3.59"]
[White "Attwood,J"]
[Black "Melia,S"]
[Result "0-1"]
[WhiteElo "2072"]
[BlackElo "2398"]

1.d4 Nf6 2.c4 Nc6 3.Nf3 e6 4.g3 Bb4+ 5.Bd2 a5 6.Nc3 d6 7.Qc2 e5 8.d5 Ne7
9.a3 Bf5 10.Qa4+ Bd7 11.Qc2 Bxc3 12.Bxc3 a4 13.Nd2 O-O 14.f4 Ng4 15.fxe5 Ng6
16.e4 N6xe5 17.Bd4 Qg5 18.Qc3 c5 19.Bxe5 Nxe5 20.Nf3 Nxf3+ 21.Qxf3 f5 22.e5 dxe5
23.h4 Qh6 24.Bh3 Ra6 25.Rh2 Rb6 26.Re2 Rb3 27.Qf2 e4 28.Bg2 b6 29.Qf4 Qg6
30.Kf2 Qf6 31.Rd1 Rxb2 32.Qc7 e3+ 33.Kf1 Rxe2 34.Qxd7 Qb2 35.Bh3 Re1+  0-1

[Event "ch-TUR 2012"]
[Site "Kemer TUR"]
[Date "2012.01.29"]
[Round "2"]
[White "Simsek,C"]
[Black "Yelligedik,Murat"]
[Result "0-1"]
[WhiteElo "2079"]
[BlackElo "1829"]

1.d4 Nf6 2.c4 Nc6 3.Nc3 e5 4.d5 Ne7 5.e4 Ng6 6.Be3 Bb4 7.Bd3 Bxc3+ 8.bxc3 d6
9.Ne2 Ng4 10.Qd2 b6 11.h3 Nxe3 12.Qxe3 Qf6 13.g3 Nf8 14.f4 Nd7 15.Kd2 Nc5
16.Raf1 Qe7 17.f5 f6 18.g4 Ba6 19.Rhg1 h6 20.Ng3 Qd7 21.Rc1 Qa4 22.Nh5 Kf7
23.Rc2 Bxc4 24.Bxc4 Qxc4 25.Re1 a5 26.h4 a4 27.Qf3 a3 28.Re3 Ra4 29.Ng3 Ra5
30.Ke1 Rb5 31.Qe2 Qa4 32.Kf2 Nb7 33.Kg2 Na5 34.Qf2 Rb2 35.Rce2 Qd1 36.Kh2 Nc4
37.Rf3 Qa1 38.Nf1 Qxa2 39.Ng3 Rxe2 40.Qxe2 Qxe2+ 41.Nxe2 Nd2 42.Rd3 a2  0-1

[Event "ch-TUR 2012"]
[Site "Kemer TUR"]
[Date "2012.01.30"]
[Round "3"]
[White "Dogan,A"]
[Black "Yelligedik,Murat"]
[Result "1-0"]
[WhiteElo "2159"]
[BlackElo "1829"]

1.d4 Nf6 2.c4 Nc6 3.Nc3 e5 4.d5 Ne7 5.e4 Ng6 6.Nf3 Bb4 7.Bd3 Bxc3+ 8.bxc3 d6
9.O-O b6 10.Re1 h6 11.Bf1 Nd7 12.Be3 Nc5 13.Bxc5 dxc5 14.Qa4+ Qd7 15.Qc2 Qd6
16.g3 a5 17.Nd2 f6 18.Bg2 h5 19.Rf1 Bd7 20.Nb1 O-O-O 21.Na3 Rdf8 22.Qb3 Ne7
23.f4 exf4 24.gxf4 Ng6 25.Nb5 Bxb5 26.Qxb5 Nxf4 27.Rxf4 Qxf4 28.e5 Qxe5 29.d6 Qxd6
30.Bf3 Qf4 31.Qc6 Qe3+ 32.Kf1 Qd3+ 33.Kg2 Qd2+ 34.Kh1 Re8 35.Qa8+ Kd7 36.Qc6+ Kd8
37.Rg1 Qd6 38.Rd1 Qxd1+ 39.Bxd1 Re1+ 40.Kg2 Rhe8 41.Bxh5 R8e7 42.Qa8+ Kd7
43.Bg4+ R7e6 44.Qf8 g6 45.Bxe6+ Rxe6 46.Qf7+ Kd6 47.Qxg6 Ke5 48.Kf3  1-0

[Event "Gibraltar Open"]
[Site "Caleta ENG"]
[Date "2012.02.01"]
[Round "9.49"]
[White "Thingstad,E"]
[Black "Melia,S"]
[Result "0-1"]
[WhiteElo "2219"]
[BlackElo "2398"]

1.d4 Nf6 2.c4 Nc6 3.Nc3 e5 4.d5 Ne7 5.e4 Ng6 6.g3 Bb4 7.Bg2 Bxc3+ 8.bxc3 d6
9.Ne2 O-O 10.h4 h6 11.f3 Nh5 12.Be3 b6 13.Bh3 f5 14.Bxf5 Bxf5 15.exf5 Rxf5
16.g4 Rxf3 17.gxh5 Nxh4 18.Kd2 Ng2 19.Bg1 Qg5+ 20.Kc2 Raf8 21.Rh2 Qg4 22.Qd2 Qe4+
23.Kb3 Rd3 24.Qc2 b5 25.Kb2 bxc4 26.Rb1 Qxd5 27.Ka1 Rd2 28.Qa4 Rxe2 29.Rd1 Rd2
30.Rc1 Qd3 31.Rh1 Qxc3+  0-1

[Event "ch-TUR 2012"]
[Site "Kemer TUR"]
[Date "2012.02.02"]
[Round "7"]
[White "Citak,S"]
[Black "Soysal,Serkan"]
[Result "0-1"]
[WhiteElo "2390"]
[BlackElo "1916"]

1.d4 Nf6 2.c4 Nc6 3.Nf3 e6 4.a3 d6 5.Nc3 g6 6.e4 Bg7 7.Be2 O-O 8.O-O Re8
9.Be3 e5 10.d5 Nd4 11.h3 Bd7 12.Bd3 Nxf3+ 13.Qxf3 Nh5 14.Rac1 Nf4 15.Bxf4 exf4
16.Qxf4 Be5 17.Qd2 Qh4 18.f4 Bd4+ 19.Kh2 g5 20.Ne2 Bf6 21.fxg5 Be5+ 22.Kg1 f6
23.gxf6 Kf7 24.Rf3 Rg8 25.Nf4 Rg3 26.Ne6 Rag8 27.Rxg3 Qxg3 28.Bf1 Rg6 29.Nd8+ Kf8
30.Rc3 Bxc3 31.Qxc3 Qxc3 32.bxc3 b6 33.c5 bxc5 34.e5 dxe5 35.Nb7 Bxh3 36.Nxc5 Bc8
37.Bd3 Rxf6 38.Bxh7 Bf5 39.Bxf5 Rxf5 40.g4 Rf3 41.Ne6+ Ke7 42.Nxc7 Rxc3 43.Nb5 Rb3
44.Nxa7 Rxa3 45.Nc8+ Kf6 46.Kf2 Kg5 47.d6 Kxg4 48.Ke2 e4 49.d7 Rd3 50.Nb6 Kf4
51.Nc4 Rxd7 52.Ne3 Ra7 53.Nd5+ Ke5 54.Nc3 Ra3 55.Nb1 Rb3 56.Nd2 Rd3 57.Nc4+ Kf4
58.Nb6 Rd4 59.Nc8 e3 60.Ne7 Rd2+ 61.Ke1 Ke4 62.Ng6 Rd6 63.Nh4 Rh6  0-1

[Event "Bronshoj Lang Weekend 2012"]
[Site "Copenhagen DEN"]
[Date "2012.02.11"]
[Round "2"]
[White "Carstensen,J"]
[Black "Haubro,M"]
[Result "1-0"]
[WhiteElo "2322"]
[BlackElo "2087"]

1.d4 Nf6 2.c4 Nc6 3.Nf3 e6 4.a3 d6 5.Nc3 g6 6.e4 Bg7 7.d5 exd5 8.cxd5 Ne7
9.Be2 O-O 10.O-O c6 11.dxc6 bxc6 12.Qc2 d5 13.Rd1 Be6 14.Be3 Qb8 15.Bc5 Re8
16.Nd4 Qb7 17.b4 Nxe4 18.Nxe4 dxe4 19.Qxe4 Nf5 20.Qc2 Nxd4 21.Bxd4 Bf5 22.Qb2 Bxd4
23.Rxd4 c5 24.Bf3 Qb6 25.Rc4 Rac8 26.h3 Bd3 27.Rc3 c4 28.Rac1 Rb8 29.Qd2 a5
30.bxa5 Qxa5 31.Rxd3  1-0

[Event "Bronshoj Lang Weekend 2012"]
[Site "Copenhagen DEN"]
[Date "2012.02.11"]
[Round "3"]
[White "Stojanovski,Sa"]
[Black "Mikkelsen,N"]
[Result "0-1"]
[WhiteElo "2232"]
[BlackElo "2397"]

1.d4 Nf6 2.c4 Nc6 3.Nf3 e6 4.Nc3 Bb4 5.Bg5 h6 6.Bxf6 Qxf6 7.e3 e5 8.Be2 exd4
9.exd4 Bxc3+ 10.bxc3 O-O 11.O-O b6 12.Nd2 Na5 13.Bf3 Rb8 14.Re1 Ba6 15.Qa4 d6
16.Nb3 Bb7 17.Bxb7 Rxb7 18.Re3 Nxb3 19.axb3 c5 20.d5 Rfb8 21.Qb5 Re7 22.Rae1 Rbb7
23.g3 Rxe3 24.Rxe3 Re7 25.Rxe7 Qxe7 26.Qc6 g6 27.h4 Kg7 28.Kg2 h5 29.f4 Kf6
30.Kf3 Kg7 31.Kf2 f6 32.Kf3 g5 33.Qc8 g4+ 34.Kf2 Qe4 35.Qd7+ Kg6 36.Qxd6 Qf3+
37.Ke1 Qxg3+ 38.Kd2 Qf2+ 39.Kc1 g3 40.f5+ Kxf5 41.Qe6+ Kf4 42.Qxf6+ Ke3  0-1

[Event "50th TCh-DEN XtraCon 2011-12"]
[Site "Denmark DEN"]
[Date "2012.02.19"]
[Round "7.7"]
[White "Jakobsen,P"]
[Black "Nilsson,Lars Kjoller"]
[Result "1-0"]
[WhiteElo "2230"]
[BlackElo "2036"]

1.d4 Nf6 2.c4 Nc6 3.Nf3 e6 4.Nc3 Bb4 5.Qc2 h6 6.Bd2 O-O 7.g4 Bxc3 8.Bxc3 d6
9.O-O-O Qe7 10.Rg1 e5 11.d5 Nb8 12.g5 hxg5 13.Nxg5 Nbd7 14.Bh3 Re8 15.Be6 Rf8
16.Rg3 fxe6 17.Nxe6 Rf7 18.Rdg1 Nf8 19.Ng5 Nh5 20.R3g2 Rf4 21.e3 Rf6 22.f4 exf4
23.Bxf6 Qxf6 24.Ne4 Qh6 25.Rg5 fxe3 26.Rxh5 Qf4 27.Kb1 g6 28.Ng3 Qf2 29.Ne2 Qxg1+
30.Nxg1 gxh5 31.Qg2+ Kh7 32.Qg5 Ng6 33.Qxe3 Bd7 34.Nf3 Bf5+ 35.Kc1 Rf8 36.Ng5+ Kg8
37.Ne6 Rf7 38.Qg5 h4 39.Nf4 Kg7 40.Nh5+ Kh7 41.Nf6+ Kg7 42.Nh5+ Kh7 43.b3 a5
44.Nf6+ Kg7 45.Ne8+ Kh7 46.Nxc7 Rxc7 47.Qxf5 b5 48.Qe6 bxc4 49.Qxd6 Re7 50.bxc4 Re2
51.a4 Re5 52.c5 Nf4 53.c6 Re4 54.c7  1-0

[Event "TCh-CZE Extraliga 2011-12"]
[Site "Czech Republic CZE"]
[Date "2012.03.03"]
[Round "7.6"]
[White "Priehoda,V"]
[Black "Kuchynka,Luk"]
[Result "1-0"]
[WhiteElo "2388"]
[BlackElo "2314"]

1.d4 Nf6 2.c4 Nc6 3.Nf3 e6 4.Nc3 Bb4 5.Qc2 d6 6.Bd2 O-O 7.a3 Bxc3 8.Bxc3 Re8
9.O-O-O Qe7 10.e4 e5 11.d5 Nb8 12.h3 Nbd7 13.Nd2 c6 14.Kb1 a5 15.g4 Nc5 16.Be2 Nfd7
17.Nf1 Nb6 18.Ng3 cxd5 19.exd5 Bd7 20.Nf5 Qf8 21.b3 a4 22.b4 Nb3 23.Bb2 Rac8
24.Ne3 Rc7 25.h4 Nc8 26.Qe4 Ne7 27.Bd3 g6 28.h5 f5 29.gxf5 gxf5 30.Qg2+ Kf7
31.c5 Qh6 32.Nc4 Nc8 33.Rhg1 dxc5 34.Bxe5 b5 35.Bxc7 bxc4 36.Bxc4  1-0

[Event "European Ind w 2012"]
[Site "Gaziantep TUR"]
[Date "2012.03.03"]
[Round "2"]
[White "Alexanian,N"]
[Black "Melia,S"]
[Result "0-1"]
[WhiteElo "2114"]
[BlackElo "2400"]

1.d4 Nf6 2.c4 Nc6 3.d5 Ne5 4.e3 e6 5.f4 Ng6 6.Nf3 exd5 7.cxd5 Bb4+ 8.Kf2 Qe7
9.Bd3 Bc5 10.Bxg6 hxg6 11.Nc3 Bxe3+ 12.Bxe3 Ng4+ 13.Kg3 Nxe3 14.Qe2 Nf5+
15.Kf2 Qxe2+ 16.Kxe2 b6 17.b4 Ba6+ 18.b5 Bb7 19.Ne5 Nd6 20.a4 a6 21.h3 f6
22.Nf3 Kf7 23.Kd3 Rh5 24.g4 Rhh8 25.h4 axb5 26.axb5 c6 27.Na4 Ra5 28.dxc6 dxc6
29.Nxb6 Rxb5 30.Nc4 Rd5+ 31.Kc3 Ne4+ 32.Kc2 Rc5 33.Ra7 Rxc4+ 34.Kd3 Rb4 35.Re1 Rd8+
36.Kc2 Rd7 37.Ng1  0-1

[Event "TCh-AUT 2 Mitte 2011-12"]
[Site "St. Veit AUT"]
[Date "2012.03.03"]
[Round "8"]
[White "Steflitsch,E"]
[Black "Aschenbrenner,R"]
[Result "1-0"]
[WhiteElo "2369"]
[BlackElo "2270"]

1.d4 Nf6 2.c4 Nc6 3.Nf3 e6 4.Nc3 Bb4 5.Bg5 h6 6.Bh4 g5 7.Bg3 Ne4 8.Rc1 d6
9.d5 Bxc3+ 10.bxc3 Nb8 11.Nd2 Nxd2 12.Qxd2 e5 13.h4 Rg8 14.hxg5 hxg5 15.c5 Qf6
16.cxd6 cxd6 17.e3 Nd7 18.Bb5 Ke7 19.f4 Nc5 20.fxe5 dxe5 21.d6+ Qxd6 22.Qxd6+ Kxd6
23.Rd1+ Ke7 24.Bxe5 Ne4 25.Rd4 Bf5 26.Rf1 Bg6 27.Bd3 f5 28.g4 Nxc3 29.gxf5 Bf7
30.f6+ Ke8 31.Rd6 Nd5 32.Bb5+ Kf8 33.Rd7 a6 34.Bc4  1-0

[Event "2nd Ferdynanda Dziedzica Mem"]
[Site "Trzcianka POL"]
[Date "2012.03.04"]
[Round "4"]
[White "Sieciechowicz,M"]
[Black "Miton,K"]
[Result "1-0"]
[WhiteElo "2456"]
[BlackElo "2623"]

1.d4 Nf6 2.c4 Nc6 3.Nf3 e6 4.a3 d6 5.Nc3 g6 6.e4 Bg7 7.Be2 O-O 8.O-O Re8
9.h3 e5 10.d5 Nd4 11.Be3 Nxe2+ 12.Qxe2 Nh5 13.Rac1 f5 14.c5 Nf6 15.exf5 gxf5
16.cxd6 cxd6 17.Nb5 Nxd5 18.Rfd1 Be6 19.Ng5 Qd7 20.Rxd5 Bxd5 21.Rc7 Qd8 22.Qh5 h6
23.Nf7 Qf6 24.Nxh6+ Bxh6 25.Bxh6 Bf7 26.Bg5 Bxh5 27.Bxf6 Re6 28.Rg7+ Kf8
29.Rh7 Rxf6 30.Rh8+ Kg7 31.Rxa8 a6 32.Nc3 Bf7 33.Rd8 Bc4 34.Rd7+ Kg6 35.Rxb7 a5
36.b3 Bg8 37.Rb5 Rf8 38.Rb6 Kg7 39.Rxd6 Bxb3 40.Rb6 a4 41.Rb4 Rc8 42.Nxa4 Rc1+
43.Kh2 Bd5 44.Rb5 Be4 45.f3 Bd3 46.Rxe5 Rc2 47.Re1 Ra2 48.Nc5 Bc4 49.a4 Kf6
50.Kg3 Bd5 51.h4 Rc2 52.Nd3 Rc3 53.Nf4 Bf7 54.Ra1 Rc8 55.a5 Rg8+ 56.Kf2 Rh8  1-0

[Event "2nd Ferdynanda Dziedzica Mem"]
[Site "Trzcianka POL"]
[Date "2012.03.04"]
[Round "6"]
[White "Chojnacki,K"]
[Black "Miton,K"]
[Result "0-1"]
[WhiteElo "2436"]
[BlackElo "2623"]

1.d4 Nf6 2.c4 Nc6 3.Nc3 e5 4.d5 Ne7 5.Bg5 Ng6 6.e4 h6 7.Be3 Bb4 8.f3 O-O
9.Qc2 d6 10.Ne2 Ba5 11.O-O-O Bb6 12.Bxb6 axb6 13.h4 Nh7 14.g3 f5 15.h5 Ne7
16.f4 fxe4 17.fxe5 dxe5 18.Kb1 Ng5 19.Bg2 Nf5 20.Qc1 Nd6 21.b3 Bg4 22.Rdf1 Bf3
23.Rh2 Qd7 24.Ng1 Qg4 25.Qe1 Bxg2 26.Rxg2 Qxh5 27.Rgf2 Qg6 28.Kb2 Rxf2+ 29.Rxf2 Rf8
30.Nge2 Rf3 31.Ng1 Rxg3 32.Nce2 Rg4 33.Qf1 Kh7 34.Rf8 Nf3 35.Nxf3 exf3 36.Qxf3 Qe4
37.Qxe4+ Rxe4 38.Nc3 Rf4 39.Rd8 h5 40.a4 h4 41.Nb5 Nxb5 42.axb5 h3  0-1

[Event "European Ind w 2012"]
[Site "Gaziantep TUR"]
[Date "2012.03.05"]
[Round "4"]
[White "Guramishvili,S"]
[Black "Khurtsidze,N"]
[Result "0-1"]
[WhiteElo "2395"]
[BlackElo "2447"]

1.d4 Nf6 2.c4 Nc6 3.Nf3 e6 4.g3 d5 5.Bg2 g6 6.b3 Bg7 7.Ba3 a5 8.O-O Nb4 9.Nbd2 Ne4
10.Qc1 O-O 11.Bb2 Qe7 12.Ne5 Bh6 13.f4 f6 14.Ng4 Bg7 15.Ne3 f5 16.a3 Nc6
17.Nf3 Rd8 18.Qc2 Nb8 19.b4 c6 20.c5 Na6 21.bxa5 Nc7 22.Ne5 Rxa5 23.Bxe4 fxe4
24.Bc3 Ra7 25.a4 Bd7 26.h4 Rf8 27.Kg2 Ne8 28.Rab1 Nf6 29.Rb6 Rfa8 30.Ra1 Bc8
31.Qb3 Nd7 32.Nxd7 Qxd7 33.Kf2 Kh8 34.Ng4 e5 35.Nxe5 Qh3 36.Rg1 Rxa4 37.Bb2 Kg8
38.Rb4 Rxb4 39.Qxb4 Qh2+ 40.Rg2 e3+ 41.Kf3 Qh1 42.g4 Bxe5  0-1

[Event "2nd HD Bank Cup 2012"]
[Site "Ho Chi Minh City VIE"]
[Date "2012.03.05"]
[Round "6.17"]
[White "Olay,E"]
[Black "Nguyen Hoang Nam1"]
[Result "1/2-1/2"]
[WhiteElo "2361"]
[BlackElo "2361"]

1.d4 Nf6 2.c4 Nc6 3.Nf3 e6 4.Nc3 Bb4 5.Qc2 d5 6.a3 Be7 7.h3 dxc4 8.e3 Na5
9.Nd2 Nb3 10.Nxb3 cxb3 11.Qxb3 O-O 12.Be2 c5 13.dxc5 Bxc5 14.O-O e5 15.Bf3 Rb8
16.Rd1 Be6 17.Qc2 Qe7 18.b4 Bb6 19.Na4 e4 20.Bxe4 Bxh3 21.Nxb6 axb6 22.Bf3 Rbc8
23.Qe2 Bf5 24.Bb2 Rc2 25.Rd2 Rxd2 26.Qxd2 Be4 27.Be2 Rd8 28.Bd4 Bc6 29.b5 Ne4
30.Qb2 Bd5 31.Bxg7 Qh4 32.Bf1 f6 33.f3 Kxg7 34.fxe4 Bxe4 35.Rc1 Qg3 36.Qf2 Qxf2+
37.Kxf2 Rd2+ 38.Kg3 f5 39.Rc4 Kf6 40.Rc7 h5 41.Rc8 Bd5 42.Rd8 Kg5 43.e4 fxe4
44.Bc4 h4+ 45.Kh2 e3 46.Bxd5 e2 47.Rg8+ Kf4 48.Rf8+ Ke3 49.Re8+ Kf2 50.Rf8+ Ke3
51.Re8+ Kf2 52.Rf8+ Ke3 53.Bc4 e1=Q 54.Re8+ Kf2 55.Rf8+ Ke3 56.Re8+  1/2-1/2

[Event "12th Mediterranean Flower WGM"]
[Site "Rijeka CRO"]
[Date "2012.03.07"]
[Round "6"]
[White "Medic,Mir"]
[Black "Partac,E"]
[Result "1/2-1/2"]
[WhiteElo "2236"]
[BlackElo "2086"]

1.d4 Nf6 2.c4 Nc6 3.Nc3 e6 4.Nf3 d5 5.Bg5 Be7 6.e3 O-O 7.Rc1 Ne4 8.Bxe7 Qxe7
9.Bd3 Nxc3 10.Rxc3 e5 11.Nxe5 Nxe5 12.dxe5 dxc4 13.Bxc4 Qxe5 14.O-O Bf5 15.Qb3 b6
16.Rd1  1/2-1/2

[Event "Reykjavik Open"]
[Site "Reykjavik ISL"]
[Date "2012.03.08"]
[Round "3.32"]
[White "Thorfinnsson,Bj"]
[Black "Skien,H"]
[Result "1-0"]
[WhiteElo "2416"]
[BlackElo "2121"]

1.d4 Nf6 2.c4 Nc6 3.Nf3 e6 4.Nc3 Bb4 5.Qc2 d6 6.a3 Bxc3+ 7.Qxc3 a5 8.g3 a4
9.Bg2 O-O 10.O-O Re8 11.Be3 Qe7 12.Rad1 Na5 13.Ne1 e5 14.dxe5 dxe5 15.Nd3 Nb3
16.Nc1 Na5 17.Nd3 Nb3 18.h3 c5 19.Bg5 h6 20.Bxf6 gxf6 21.Nc1 Na5 22.Qc2 Be6
23.Bd5 Nc6 24.e3 Kg7 25.Kh2 Qc7 26.Ne2 Ne7 27.g4 Ng6 28.Ng3 Kf8 29.Qe4 Rab8
30.Bxe6 Rxe6 31.h4 Rd6 32.h5 Ne7 33.Qh7 e4 34.Kh3 Ke8 35.Nxe4  1-0

[Event "Reykjavik Open"]
[Site "Reykjavik ISL"]
[Date "2012.03.08"]
[Round "3.15"]
[White "Kjartansson,G"]
[Black "Ipatov,Alexander"]
[Result "0-1"]
[WhiteElo "2357"]
[BlackElo "2561"]

1.d4 Nf6 2.c4 Nc6 3.Nf3 e6 4.Nc3 Bb4 5.Qc2 d6 6.Bg5 h6 7.Bd2 a5 8.a3 Bxc3
9.Bxc3 Qe7 10.e4 e5 11.d5 Nb8 12.Be2 a4 13.Nd2 Nbd7 14.O-O-O Nc5 15.Rdf1 O-O
16.h4 c6 17.Rhg1 Ng4 18.Bxg4 Bxg4 19.f3 Bd7 20.f4 exf4 21.g3 f3 22.g4 cxd5
23.g5 h5 24.Bf6 Qe8 25.exd5 f2 26.Rxf2 Qe3 27.Rfg2 Nb3+ 28.Kb1 Nxd2+  0-1

[Event "Zagreb Open A"]
[Site "Zagreb CRO"]
[Date "2012.03.10"]
[Round "6.6"]
[White "Kuljasevic,D"]
[Black "Arnaudov,G"]
[Result "1/2-1/2"]
[WhiteElo "2580"]
[BlackElo "2476"]

1.d4 Nf6 2.c4 Nc6 3.Nf3 e6 4.Nc3 Bb4 5.Qc2 d6 6.Bd2 O-O 7.a3 Bxc3 8.Bxc3 Re8
9.e3 a5 10.Rd1 Qe7 11.d5 Nb8 12.dxe6 fxe6 13.g4 e5 14.g5 Nfd7 15.b4 axb4
16.axb4 b6 17.Rg1 Bb7 18.Nh4 Nf8 19.Nf5 Qf7 20.Ng3 Bf3 21.Rc1 Nc6 22.Bd3 Nd4
23.Bxd4 exd4 24.Bxh7+ Nxh7 25.g6 Qf8 26.gxh7+ Kh8 27.Qf5 Qxf5 28.Nxf5 dxe3
29.Nxe3 Ra2 30.Rg3 Bh5 31.Kf1 Re4 32.Kg1 Rf4 33.Rf1 Kxh7 34.c5 Rxb4 35.cxd6 cxd6
36.Nf5 Rg4 37.Nxd6 Rf4 38.f3 Bg6 39.Rf2 Rxf2 40.Kxf2 Rd4 41.Nc8 b5 42.Ne7 Bh5
43.Rxg7+ Kxg7 44.Nf5+ Kf6 45.Nxd4 b4 46.Ke3 Bf7 47.f4 b3  1/2-1/2

[Event "Zagreb Open A"]
[Site "Zagreb CRO"]
[Date "2012.03.11"]
[Round "8.8"]
[White "Zaja,I"]
[Black "Arnaudov,G"]
[Result "1/2-1/2"]
[WhiteElo "2516"]
[BlackElo "2476"]

1.d4 Nf6 2.c4 Nc6 3.Nc3 e5 4.d5 Ne7 5.Nf3 Ng6 6.h4 h5 7.Bg5 Be7 8.e3 d6 9.Qc2 Nh7
10.Bd3 Ngf8 11.Bxe7 Qxe7 12.c5 dxc5 13.Nb5 Nf6 14.Qa4 Bd7 15.Bc4 Bxb5 16.Qxb5+ N8d7
17.Qxb7 O-O 18.Qxc7 Rfc8 19.d6 Qf8 20.Qa5 e4 21.Ng5 Ne5 22.Ba6 Nd3+ 23.Ke2 Rd8
24.Nxe4 Nf4+ 25.exf4 Nxe4 26.Bb7 Qxd6 27.Rhd1 Qe7 28.Bxe4 Qxe4+ 29.Kf1 Rxd1+
30.Rxd1 Qxf4 31.g3 Qf3 32.Rd8+ Rxd8 33.Qxd8+ Kh7 34.Qd2  1/2-1/2

[Event "TCh-AUT 2 Ost 2011-12"]
[Site "Vienna AUT"]
[Date "2012.03.18"]
[Round "9"]
[White "Trippold,Denise"]
[Black "Neff,G"]
[Result "0-1"]
[WhiteElo "1737"]
[BlackElo "2174"]

1.d4 Nf6 2.c4 Nc6 3.Nf3 e6 4.e3 Bb4+ 5.Nbd2 O-O 6.a3 Bxd2+ 7.Bxd2 d6 8.b4 Qe7
9.Be2 e5 10.d5 Nb8 11.Qc2 Nbd7 12.e4 Nh5 13.O-O g6 14.Be3 Ng7 15.Nd2 f5 16.f3 f4
17.Bf2 g5 18.c5 Nf6 19.Rac1 Nge8 20.g3 Bh3 21.Rfd1 Kh8 22.Kh1 Qg7 23.Rg1 Qh6
24.gxf4 gxf4 25.Bf1 Bd7 26.Bd3 Nh5 27.Nc4 b6 28.cxd6 cxd6 29.Qe2 Rc8 30.Rc2 Ba4
31.Rb2 Bb5 32.Nxe5 dxe5 33.Bxb5 Nef6 34.Rc2 Rg8 35.Rcc1 Ng3+ 36.Bxg3 fxg3
37.Rcd1 Nh5 38.Qb2 Qf4 39.Rdf1 gxh2 40.Rxg8+ Rxg8 41.Rf2 Ng3+ 42.Kxh2 Nxe4+
43.Kh1 Qh4+  0-1

[Event "Caissa IM March 2012"]
[Site "Kecskemet HUN"]
[Date "2012.03.19"]
[Round "4.3"]
[White "Lorparizangeneh,S"]
[Black "Meszaros,Gyu"]
[Result "1-0"]
[WhiteElo "2170"]
[BlackElo "2273"]

1.d4 Nf6 2.c4 Nc6 3.Nf3 e6 4.a3 d6 5.Nc3 Be7 6.e4 e5 7.d5 Nb8 8.Be2 a5 9.O-O O-O
10.h3 a4 11.Bd3 Bd7 12.Re1 Kh8 13.Bc2 Qe8 14.Nh2 Ng8 15.f4 exf4 16.Bxf4 Bf6
17.Nf3 Bxc3 18.bxc3 f6 19.c5 g5 20.Bh2 Qe7 21.Rb1 Bc8 22.cxd6 cxd6 23.Rb6 Rd8
24.Qd4 g4 25.hxg4 Bxg4 26.Nd2 Nh6 27.e5 Ra6 28.Rxa6 Nxa6 29.e6 Rg8 30.Ne4 Bf3
31.Ng3 Bg4 32.Rf1 Rf8 33.Qf4 Kg7 34.Qxg4+  1-0

[Event "ch-Moscow w 2012"]
[Site "Moscow RUS"]
[Date "2012.03.22"]
[Round "6"]
[White "Pustovoitova,D"]
[Black "Vasilevich,I"]
[Result "1/2-1/2"]
[WhiteElo "2308"]
[BlackElo "2380"]

1.d4 Nf6 2.c4 Nc6 3.Nf3 e6 4.Nc3 Bb4 5.Bg5 h6 6.Bh4 g5 7.Bg3 Ne4 8.Qd3 d5
9.e3 h5 10.h3 Bxc3+ 11.bxc3 Nxg3 12.fxg3 Qd6 13.Kf2 h4 14.g4 Bd7 15.Rb1 O-O-O
16.cxd5 exd5 17.Qa6 Rde8 18.Qxb7+ Kd8 19.Bb5 Qg3+ 20.Kg1 Rh6 21.Bxc6 Bxc6
22.Qb8+ Kd7 23.Qb2 Rxe3 24.Qf2 Qxf2+ 25.Kxf2 Rxc3 26.Nxg5 Rc2+ 27.Ke3 f6
28.Nf3 Rxg2 29.Rh2 Rxh2 30.Nxh2 Kd6 31.Nf3 Bd7 32.Rb7 a6 33.Ra7 Bb5 34.Ra8 Bf1
35.g5 fxg5 36.Nxg5 Ke7 37.Rc8 Rc6 38.Rh8 Rc2 39.a4 Rc3+ 40.Kf4 c5 41.dxc5 Rxc5
42.Rh7+ Kd6 43.Nf7+ Kc7 44.Ne5+ Kc8 45.Rxh4 Ra5 46.Kf5 Kc7 47.Ke6 d4 48.Rxd4 Bxh3+
49.Kf6 Rc5  1/2-1/2

[Event "1st Lanta Open 2012"]
[Site "Koh Lanta Island THA"]
[Date "2012.03.27"]
[Round "6"]
[White "Doskar,Miloslav"]
[Black "Bettman,J"]
[Result "0-1"]
[WhiteElo "1729"]
[BlackElo "1889"]

1.d4 Nf6 2.c4 Nc6 3.Nf3 d6 4.Nc3 h6 5.e4 e5 6.d5 Ne7 7.Be2 g5 8.Qc2 Ng6 9.g3 Bh3
10.Bf1 Bd7 11.Bd2 c5 12.Ng1 a6 13.Bd3 Be7 14.Nge2 Nh7 15.O-O-O g4 16.Bxh6 Bg5+
17.Bxg5 Nxg5 18.Ng1 Qa5 19.Kb1 b5 20.Rf1 bxc4 21.Bxc4 O-O 22.f4 gxf3 23.Nxf3 Nh3
24.Nh4 Rab8 25.Ka1 Rb4 26.Bb3 Rfb8 27.Kb1 c4 28.Nxg6 fxg6 29.Rf6 cxb3 30.Qd2 bxa2+
31.Ka1 Nf4 32.gxf4 Rxb2 33.Qd3 Rb1+ 34.Rxb1 axb1=Q+  0-1

[Event "European Senior Teams 2012"]
[Site "Rogaska Slatina SLO"]
[Date "2012.03.28"]
[Round "2.8"]
[White "Strutinskaya,G"]
[Black "Jongsma,L"]
[Result "1-0"]
[WhiteElo "2273"]
[BlackElo "2193"]

1.d4 Nf6 2.c4 Nc6 3.Nc3 e5 4.d5 Ne7 5.Nf3 Ng6 6.h4 h5 7.Bg5 Bc5 8.e3 c6 9.a3 d6
10.Qc2 Bb6 11.Ne4 Bg4 12.Rd1 c5 13.Bd3 Ba5+ 14.b4 cxb4 15.Qa4+ Bd7 16.Nxd6+ Kf8
17.Qb3 bxa3+ 18.Kf1 Qb6 19.Nb5 e4 20.Qxa3+ Kg8 21.Bxf6 exd3 22.Bd4 Qa6 23.Qxd3 Rc8
24.Rb1 Ne7 25.e4 Rh6 26.Ne5 Bxb5 27.cxb5 Qd6 28.Nc4 Qc7 29.Nxa5 Qxa5 30.g3 a6
31.Kg2 Qa4 32.bxa6 Qxa6 33.Qb3 Qc4 34.Qxc4 Rxc4 35.Rhd1 b6 36.Rxb6 Rxb6 37.Bxb6 Rxe4
38.d6  1-0